00326 2200133 4500001002100000005001500021035002000036245006000056100001700116300001200133260002500145082001000170990001200180INLIS00000000000225920250527024356 a0010-05250005511 aBahasa Indonesia Ib Kelas 1 Semester || /cTim Penyusun0 aTim Penyusun a128 hlm bIntan Prawira,c2003 a025.5 a0712721